[Event "Piacenza Region-ch"]
[Site "Piacenza"]
[Date "2023.01.14"]
[Round "2"]
[White "Scacchi, Paolo"]
[Black "Costa, Luciano"]
[Result "1-0"]
[WhiteElo "1706"]
[BlackElo "1431"]
[PlyCount "87"]
[EventDate "2023.01.13"]
[EventType "swiss"]
[EventRounds "5"]
[EventCountry "ITA"]
[SourceTitle "CBM 212 Extra"]
[Source "ChessBase"]
[SourceDate "2023.03.31"]
[SourceVersion "1"]
[SourceVersionDate "2023.03.31"]
[SourceQuality "1"]

1. c4 c5 2. g3 Nf6 3. Bg2 e6 4. d3 d5 5. Nc3 dxc4 6. dxc4 Qxd1+ 7. Nxd1 Bd6 8. Nf3 Nbd7 9. 0-0 Rb8 10. Nc3 a6 11. a4 0-0 12. Rd1 Bc7 13. Be3 b6 14. Rab1 Rd8 15. Rd2 Bb7 16. Rbd1 Bxf3 17. Bxf3 Ne5 18. b3 Nxf3+ 19. exf3 Rxd2 20. Rxd2 Rd8 21. Rxd8+ Bxd8 22. a5 Nd7 23. Na4 b5 24. cxb5 axb5 25. Nxc5 Nxc5 26. Bxc5 Bxa5 27. b4 Bd8 28. Kf1 f5 29. g4 Kf7 30. Ke2 Bf6 31. Ke3 g6 32. h3 Bg5+ 33. f4 Be7 34. g5 Bxc5+ 35. bxc5 Ke7 36. Kd3 Kd7 37. Kc3 Kc7 38. Kb4 Kc6 39. h4 Kb7 40. Kxb5 Kc7 41. c6 Kc8 42. Kb6 Kb8 43. c7+ Kc8 44. f3 1-0